000 00358nam a22001217a 4500
082 _a0074600958
_bTRA
_cL-18, P-50
245 _aTransporation system studies analysis and policy
260 _aNew Delhi
_bTata MaGraw Hill
_c1988
300 _av, 217 p. :
_bill, ;
_c20 cm.
526 _a0
_b0
_c0
_d388_000000000000000_TRA
650 _aMCE
_9379
942 _2ddc
_cBK
999 _c543035
_d543035